La educación intercultural: características, fundamentos y componentes /

Podrobná bibliografie
Hlavní autor: Estupiñán Maldonado, Máximo
Médium: Kniha
Jazyk:španělština
Vydáno: Lima, Perú : Centro de Desarrollo Étnico, 2012
Vydání:2. edición
Témata:

MARC

LEADER 00000nam a2200000 4500
008 160307b2012 pe a|||| |||| 00| | spa d
020 |a 9786124531774 
090 |a 06.02.01  |b 2300 
100 1 |9 1497  |a Estupiñán Maldonado, Máximo 
245 1 3 |a La educación intercultural: características, fundamentos y componentes /  |c Máximo Estupiñan Maldonado 
250 |a 2. edición 
260 |a Lima, Perú :  |b Centro de Desarrollo Étnico,  |c 2012 
300 |a 136 páginas;   |b ilustraciones 
650 1 4 |9 1  |a EDUCACIÓN 
650 1 4 |9 485  |a EDUCACIÓN INTERCULTURAL  
942 |i 004127  |h 06.02.01 2300  |2 z  |c 01 
999 |c 3094  |d 3094